00550nam a2200169 a 450000100100000000500170001000800410002702000180006804000250008610000290011124500900014026000460023030000200027650400300029670000270032670000270035300004070720201002034323.0130905s20uu sp 000 0 spa d a9788469528112 aDO-SdBNPbspacBNPHU1 aFernández Bonilla, Eva13aEl Embarazo /cEva Fernández Bonilla, Ana López Jiménez, Carmén Aguilar Cobo. a[España] :bLa Regeneración,c[20-?]. a54 p. ;c22 cm. aBibliografía : p. 53-541 aLópez Jiménez, Ana1 aAguilar Cobo, Carmén